| 000 | 00797nam a2200289 i 4500 | ||
|---|---|---|---|
| 003 | DO-SdBNP | ||
| 005 | 20250822135252.0 | ||
| 007 | ta | ||
| 008 | 250822s19? dr ao 000 0 spa d | ||
| 040 |
_aDO-SdBNP _bspa _cBNPHU _erda |
||
| 041 | _asp | ||
| 082 |
_axxx _bR426s _222 |
||
| 100 | _975918 | ||
| 110 |
_aRepública Dominicana. _bEscuela de Arte Dramatico de Bellas Artes _988529 |
||
| 245 | 1 | 0 |
_aLas suplicantes de esquilo : _btragedia |
| 264 | 1 |
_aSanto Domingo : _bBellas Artes, _c[fecha |
|
| 300 |
_a42 páginas : _c21 cm. |
||
| 336 |
_atexto _btxt _2rdacontent |
||
| 337 |
_asin mediación _bn _2rdamedia |
||
| 338 |
_avolumen _bnc _2rdacarrier |
||
| 590 | _aInventariado, 2025/ DG | ||
| 700 | _973239 | ||
| 700 | _988427 | ||
| 710 | _914019 | ||
| 910 | _aDG | ||
| 942 |
_2ddc _cLF2 |
||
| 999 |
_c59812 _d59812 |
||